000 01570nam a22003017a 4500
005 20100806145442.0
010 _aHIN-90034
020 _c200.00
_a9788189790820
035 _aHN-62380
037 _bDBAD / पैन्सी बुक्स
082 _a821
100 _aगर्ग, आर्यभूषण
_97898
245 _aगांधारी का सच:
_cआर्यभूषण गर्ग
_bखंडकाव्य
246 _aGandhari Ka Sach:Khandkavya
_bby Aryabhushan Garg
260 _aबिजनौर (उ.प्र.)
_bहिन्दी साहित्य निकेतन
_c2010
260 _aनई दिल्ली
_bपैन्सी बुक्स (वितरक)
_c2010
270 _a16, साहित्य विहार
_bबिजनौर (उ.प्र.)
_k01342-263232
_mgiriraj3100@gmail.com
270 _aआरजैड-66ए, सोमेश विहार, छावला
_bनई दिल्ली
_k110071
300 _a110पृ
_c22सेमी (सजिल्द)
650 _bहिन्दी कविता
_9697
650 _bHindi Poetry
_9698
700 _97228
700 _97267
700 _97698
942 _adpl
_cHN
_k
_2ddc
_mगर्गआ
_h821
999 _c39831
_d39831